000 00614nam a2200157 a 4500
008 120416s1975 ||||||||||||||||| || u
050 _aHD 8776.5 Dev
100 _aCohen, Robin
245 1 4 _aThe development of an African working class: studies in class formation and action
_cedited by Richard Sandbrook
260 _aLondon
_bLongman
_c1975
350 _a0.00
650 _aLABOUR
650 _aWORKING CLASS--AFRICA
700 _aSandbrook, Richard
995 _D0.00
_FCBU-MAIN LIBRARY (Kitwe)
_H1
_I0.00
_M1
_UAVAILABLE
_ZMain Library Open Access Collection
999 _c39990
_d39990